Upanishadic stories and their significance/ (Record no. 179636)

MARC details
000 -LEADER
fixed length control field 00517nam a22001817a 4500
005 - DATE AND TIME OF LATEST TRANSACTION
control field 20210625122724.0
010 ## - LCCN (DPL NO)
LC control number ENG-129524
020 ## - INTERNATIONAL STANDARD BOOK NUMBER
Terms of availability 60.00
International Standard Book Number 978-81-7505-495-0
035 ## - SYSTEM CONTROL NUMBER
System control number EN-113056
037 ## - SOURCE OF ACQUISITION
Source of stock number/acquisition DBAD/PUB
082 ## - DEWEY DECIMAL CLASSIFICATION NUMBER
Classification number S
100 ## - MAIN ENTRY--PERSONAL NAME
Personal name Tattwananda,Swami
245 ## - TITLE STATEMENT
Title Upanishadic stories and their significance/
Statement of responsibility, etc By Swami Tattwananda
260 ## - PUBLICATION, DISTRIBUTION, ETC. (IMPRINT)
Place of publication, distribution, etc Kolkata
Name of publisher, distributor, etc Swami shuddhidananda
Date of publication, distribution, etc 2019
270 ## - ADDRESS
City Kolkata
Postal code 700014
Electronic mail address mail@advaitaashrama.org
300 ## - PHYSICAL DESCRIPTION
Extent 136p;
Dimensions 22cm(pbk)
942 ## - ADDED ENTRY ELEMENTS (KOHA)
Source of classification or shelving scheme Dewey Decimal Classification
Item type English Books
Classification part S
Call number suffix TAT
Holdings
Withdrawn status Lost status Not for loan Collection code Home library Current library Date acquired Source of acquisition Cost, normal purchase price Full call number Barcode Copy number Cost, replacement price Koha item type
      Fiction Central Library Central Library 25/06/2021 DBAD/PUB 60.00 S TAT EN-113056 1 60.00 English Books

© Delhi Public Library
Hit Counter
free hit counter